| 000 | 01217nam a22003497a 4500 | ||
|---|---|---|---|
| 001 | 313 | ||
| 003 | FISKH | ||
| 005 | 20230320121734.0 | ||
| 008 | 230320b cb ||||| |||| 00| 0 eng d | ||
| 020 | _a9780142408773 | ||
| 040 |
_aDLC _cDLC _dDLC _dFISKH _beng |
||
| 042 | _alcac | ||
| 050 | 0 | 0 |
_aPZ7.B6265 _bFu 2007 |
| 082 | 0 | 0 |
_a813.54 _222 |
| 100 | 1 | _aBlume, Judy. | |
| 245 | 1 | 0 |
_aFudge-a-mania / _cJudy Blume. |
| 260 |
_aNew York, N.Y. _bPuffin Books _c2007 |
||
| 300 |
_a146 p. ; _c20 cm. |
||
| 505 | _aH | ||
| 520 | _aPeter chronicles his family's vacation in Maine highlighted by the antics of his younger brother Fudge and the presence of his sworn enemy Sheila Tubman. | ||
| 521 | 8 |
_a490
_bLexile |
|
| 521 | 8 |
_aH
_bRaz-Plus |
|
| 650 | 1 |
_aVacations _vFiction. |
|
| 650 | 1 |
_aSiblings _vFiction. |
|
| 650 | 1 |
_aFamily life _zMaine _vFiction. |
|
| 650 | 1 | _aHumorous stories. | |
| 651 | 1 |
_aMaine _vFiction. |
|
| 856 | 4 | 2 |
_3Contributor biographical information _uhttp://www.loc.gov/catdir/enhancements/fy0716/2004270848-b.html |
| 856 | 4 | 2 |
_3Publisher description _uhttp://www.loc.gov/catdir/enhancements/fy0716/2004270848-d.html |
| 906 |
_a7 _bcbc _corigcop _d3 _encip _f20 _gy-gencatlg |
||
| 942 |
_2ddc _cBK _n0 |
||
| 999 |
_c313 _d313 |
||